Представление документа в формате MARC21

Поле Инд. ПП Название Значение
Тип записи a
Библиографический уровень m
001 Контрольный номер 51155f6a-adae-4ce0-b342-a2376abdf58b
005 Дата корректировки 20230419143558.9
008 Кодируемые данные 080529
020 a ISBN 978-5-238-01205-6
040 a Служба первич. каталог. НБ ТвГУ
041 0_ a Код языка текста rus
080 a Индекс УДК 005.7/.9:303.732(075.8)
084 a Индекс другой классификации/Индекс ББК С84в6я73-1
090 x Авторский знак М71
a Полочн. индекс С84в6
100 1_ a Автор Мишин Виктор Михайлович
245 10 a Заглавие Исследование систем управления
b Продолж. заглавия учеб. для студентов вузов, обучающихся по специальности "Менеджмент организации"
c Ответственность В. М. Мишин
250 a Основные сведения об издании 2-е изд.
260 0_ a Место издания Москва
b Издательство ЮНИТИ
c Дата издания 2008
300 a Объем 527 с.
b Иллюстрации/ тип воспроизводства табл.
440 _0 a Серия Профессиональный учебник
a Серия Менеджмент
504 a Библиография Библиогр.: с. 526-527.
650 04 a Основная рубрика Системы управления
x Основная подрубрика Методы исследования
x Основная подрубрика Диагностика
x Основная подрубрика Учебники для вузов
650 04 a Основная рубрика Управление
x Основная подрубрика Системный подход
653 0_ a Ключевые слова Системы управления
a Ключевые слова Управление
a Ключевые слова Исследование систем управления
a Ключевые слова Методы исследования
a Ключевые слова Методология исследования
a Ключевые слова Диагностика систем управления
852 41 i Расстановочный признак Проверка 2023
920 a Оператор Семен
930 a Новая/Ретро учебники
952 c Вид литературы К ру
954 a Дата поступления на обработку 20080603
e Дата перешифровки 20230419